Physics : Exploring physics with PASCO technology
Gorde:
| Egile nagusia: | |
|---|---|
| Formatua: | Liburua |
| Hizkuntza: | Undetermined |
| Argitaratua: |
New Jersey
John Wiley
2004
|
| Gaiak: | |
| Etiketak: |
Etiketa erantsi
Etiketarik gabe, Izan zaitez lehena erregistro honi etiketa jartzen!
|
| Thư viện lưu trữ: | Trung tâm Học liệu Trường Đại học Cần Thơ |
|---|
| LEADER | 00540nam a2200205Ia 4500 | ||
|---|---|---|---|
| 001 | CTU_129994 | ||
| 008 | 210402s9999 xx 000 0 und d | ||
| 020 | |c 32.95 | ||
| 082 | |a 530 | ||
| 082 | |b C989 | ||
| 100 | |a Cutnell, John D. | ||
| 245 | 0 | |a Physics : | |
| 245 | 0 | |b Exploring physics with PASCO technology | |
| 245 | 0 | |c John D. Cutnell, Kenneth W. Johnson | |
| 260 | |a New Jersey | ||
| 260 | |b John Wiley | ||
| 260 | |c 2004 | ||
| 650 | |a Physics | ||
| 904 | |i Tuyến | ||
| 980 | |a Trung tâm Học liệu Trường Đại học Cần Thơ | ||